All Bus Stops on London Bus Route 93 - Statistics

General Stats
  • This quiz has been taken 3 times
  • The average score is 6 of 52
Answer Stats
Answer % Correct
Morden Station
100%
Putney Bridge Station
100%
Morden Road Tram Stop
67%
Priory Road
67%
Putney Station
67%
Wimbledon Station
67%
Lower Morden Lane
33%
Morden South Station
33%
North Cheam / Queen Victoria
33%
North Cheam Sports Club
33%
St Anthony's Hospital
33%
Albemarle
0%
Ash Road
0%
Burleigh Road
0%
Calonne Road
0%
Chalgrove Avenue
0%
Church Hill Road
0%
Dorset Road
0%
Hayes Crescent
0%
High Street / Wimbledon Village
0%
Inner Park Road
0%
Kenley Road
0%
Langley Avenue
0%
London Road / Morden Station
0%
London Road / The George
0%
Lytton Grove
0%
Malden Road / Priory Road
0%
Marryat Road
0%
Merton College
0%
Merton Road
0%
Morden Court
0%
Morden Road / South Wimbledon Station
0%
North Cheam / Sainsbury's
0%
Parkside Avenue
0%
Parkside Hospital
0%
Putney Bridge Station / Gonville Street
0%
Putney Exchange
0%
Putney Hill / Green Man
0%
Queensmere Road
0%
Rutland Drive
0%
St John's Avenue
0%
St Mary's Church / Putney Pier
0%
Stonecot Hill / Garth Road
0%
Sutton Common Road
0%
The Polka Theatre
0%
Tibbets Corner
0%
Tibbets Ride
0%
Tudor Drive
0%
Wimbledon Bus Station
0%
Wimbledon Hill Road
0%
Wimbledon Theatre
0%
Wimbledon War Memorial
0%
No matching quizzes found
Score Distribution
Percent of People with Each Score
Percentile by Number Answered
Your Score History
You have not taken this quiz